Top trendy v obrábaní : V. časť - Fyzikálne technológie obrábania

Salvato in:
Dettagli Bibliografici
Autori principali: Mičietová, Anna (Autore), Maňková, Ildikó (Autore), Velíšek, Karol, 1951- (Autore)
Natura: Libro
Lingua:slovacco
Pubblicazione: Žilina : Media/St, s.r.o., 2007
Edizione:1. vyd.
Soggetti:
Accesso online:OBSAH
Tags: Aggiungi Tag
Nessun Tag, puoi essere il primo ad aggiungerne!!

MARC

LEADER 00000nam a22000003a 4500
001 stu145999
005 20221212133749.7
008 070928s2007----xo------------------slo-d
020 |a 978-80-968954-7-2 
040 |a STU  |b slo 
041 0 |a slo 
044 |a xo 
080 |a 621.9  |7 stu_us_auth*stu8061 
100 1 |a Mičietová, Anna  |4 aut  |9 45 
245 1 |a Top trendy v obrábaní :  |b V. časť - Fyzikálne technológie obrábania 
250 |a 1. vyd. 
260 |a Žilina :  |b Media/St, s.r.o.,  |c 2007 
300 |a 168 s 
650 7 |a obrábanie  |2 stusub 
700 1 |a Maňková, Ildikó  |4 aut  |9 45 
700 1 |a Velíšek, Karol,  |d 1951-  |4 aut  |u M2000  |9 10  |U MTF Materiálovotechnologická fakulta  |T MTF Ústav výrobných systémov a aplikovanej mechaniky  |X 234  |U M2000  |Y 82  |7 A000000234 
856 4 |a https://sweb.mtf.stuba.sk/obsahy/top_trendy_v_obrabani_5_cast_fyzikalne_technologie_obrabania_07.pdf  |u https://sweb.mtf.stuba.sk/obsahy/top_trendy_v_obrabani_5_cast_fyzikalne_technologie_obrabania_07.pdf  |3 OBSAH 
996 |b 284J032989  |c J*108389  |l JJSK  |s A  |a 24  |w stu145999_0001 
996 |b 284M066057  |c M*11916/5-1  |l MMKN  |s P  |a 0  |w stu145999_0002 
996 |b 284M079506  |c M*11916/5-4  |l MMKN  |s A  |a 24  |w stu145999_0003 
996 |b 284M066059  |c M*11916/5-3  |l MMKN  |s A  |a 24  |w stu145999_0004 
996 |b 284M066058  |c M*11916/5-2  |l MMKN  |s A  |a 24  |w stu145999_0005 
996 |b 284M079507  |c M*11916/5-5  |l MMKN  |s A  |a 24  |w stu145999_0006 
996 |b 284M079508  |c M*11916/5-6  |l MMKN  |s A  |a 24  |w stu145999_0007 
996 |b 284M079509  |c M*11916/5-7  |l MMKN  |s A  |a 24  |w stu145999_0008 
996 |b 284M079510  |c M*11916/5-8  |l MMKN  |s A  |a 24  |w stu145999_0009 
996 |b 284M079511  |c M*11916/5-9  |l MMKN  |s A  |a 24  |w stu145999_0010 
996 |b 284M079512  |c M*11916/5-10  |l MMKN  |s A  |a 24  |w stu145999_0011 
996 |b 284M079513  |c M*11916/5-11  |l MMKN  |s A  |a 24  |w stu145999_0012